000 00549nam a2200229Ia 4500
005 20250425160701.0
008 250425s9999 xx 000 0 und d
020 _a8401611822
041 _aspa
082 _a657
110 _aPLAZA & JANES EDITORES, S.A.
245 0 _aELEMENTOS DE CONTABILIDAD Y FINANZAS
250 _a1A ED.
260 _aBARCELONA
260 _aEspaƱa
_bPLAZA & JANES
_c1990
300 _a100
650 _aAUDITORIA
650 _aCONTABILIDAD
650 _aESTADOS FINANCIEROS
942 _c01
010 _a2222
999 _c194043
_d194043